Autonomy and performance: decentralization reforms in Zhejiang province, China (Record no. 115177)

000 -LEADER
fixed length control field 02018pab a2200241 454500
008 - FIXED-LENGTH DATA ELEMENTS--GENERAL INFORMATION
fixed length control field 180718b2017 xxu||||| |||| 00| 0 eng d
100 ## - MAIN ENTRY--PERSONAL NAME
Personal name Wu, Xun
245 ## - TITLE STATEMENT
Title Autonomy and performance: decentralization reforms in Zhejiang province, China
260 ## - PUBLICATION, DISTRIBUTION, ETC.
Date of publication, distribution, etc. 2017
300 ## - PHYSICAL DESCRIPTION
Extent p.94-109.
362 ## - DATES OF PUBLICATION AND/OR SEQUENTIAL DESIGNATION
Dates of publication and/or sequential designation May
520 ## - SUMMARY, ETC.
Summary, etc. Decentralization reforms rarely live up to the high hopes and expectations of the reformers for a variety of reasons rooted in actions and omissions of the governments pursuing it or in the context in which it is undertaken. The paper examines the experience of Zhejiang Province where decentralization was successful in achieving and indeed exceeding initial expectations. The remarkable feature of its reforms was 'performance-based' decentralization wherein localities showing superior performance were awarded additional autonomy at a faster speed while the rest were given additional support to build their capacity for assuming more responsibility in the future. To understand the effects of this unique pattern of decentralization, the paper compares the performance of participating and non-participating counties under five waves of reforms between 1992 and 2008, based on indicators such as gross domestic product, industrial output and local government revenue. It finds that performance-based decentralization not only helped overcome the problem of capacity deficits but also fostered capacity in weaker counties to assume more autonomy in the future. The paper confirms that speed and sequence of transfer of autonomy and responsibilities to local governments are as important as the content of decentralization. - Reproduced.
650 ## - SUBJECT ADDED ENTRY--TOPICAL TERM
Topical term or geographic name entry element Local government - China
650 ## - SUBJECT ADDED ENTRY--TOPICAL TERM
Topical term or geographic name entry element Economic policy
650 ## - SUBJECT ADDED ENTRY--TOPICAL TERM
Topical term or geographic name entry element China - Economic policy
650 ## - SUBJECT ADDED ENTRY--TOPICAL TERM
Topical term or geographic name entry element Administrative reform - China
650 ## - SUBJECT ADDED ENTRY--TOPICAL TERM
Topical term or geographic name entry element Decentralization - China
650 ## - SUBJECT ADDED ENTRY--TOPICAL TERM
Topical term or geographic name entry element Decentralization
700 ## - ADDED ENTRY--PERSONAL NAME
Personal name Yu, Jianxing
700 ## - ADDED ENTRY--PERSONAL NAME
Personal name Ramesh, M.
773 ## - HOST ITEM ENTRY
Main entry heading Public Administration and Development
909 ## -
-- 115183
Holdings
Withdrawn status Lost status Damaged status Not for loan Permanent Location Current Location Date acquired Serial Enumeration / chronology Barcode Date last seen Price effective from Koha item type
        Indian Institute of Public Administration Indian Institute of Public Administration 2018-07-19 Volume no: 37, Issue no: 2 AR115643 2018-07-19 2018-07-19 Articles

Powered by Koha